00663nam a2200193Ia 4500008004100000020001400041082001600055100002200071245006500093250000700158260004500165300003200210500001900242600002100261650005000282942000700332952011500339999001500454240925s9999 xx 000 0 und d a136124666 a005.276 BIT aBitterer, Andreas 0aWorld Wide Web programming: visual age for c++ and smalltalk aNA aNew Jersey:bPrintice- Hall Int.c,1997. aVarious pagesbNAfOriginal aIncludes Index aComputer Science aComputer science, information & general works cBK 001040708SEaUITUbUITUd2000-07-28eNAg195.00l0o005.276 BITpQ2484r2024-09-25 07:12:49w2024-09-25yBK c4983d4983